[Event "RUS-chT2"]
[Site "Sochi"]
[Date "2008.04.07"]
[Round "5"]
[White "Neverov, Anatoly"]
[Black "Sergienko, Sergey"]
[Result "1/2-1/2"]
[WhiteElo "2389"]
[BlackElo "2449"]
[PlyCount "53"]
[EventDate "2008.04.03"]
[EventType "team"]
[EventRounds "9"]
[EventCountry "RUS"]
[SourceTitle "CBM 123 Extra"]
[Source "ChessBase"]
[SourceDate "2008.05.06"]
[SourceVersion "1"]
[SourceVersionDate "2008.05.06"]
[SourceQuality "1"]

1. e4 c6 2. d4 g6 3. Nc3 d5 4. e5 Bg7 5. f4 h5 6. Nf3 Nh6 7. Be3 Bg4 8. Be2 Nf5 9. Bf2 e6 10. g3 Nd7 11. h3 Bxf3 12. Bxf3 Qe7 13. Qd2 Nb6 14. b3 a5 15. a4 Qb4 16. Ne2 Bf8 17. Qxb4 Bxb4+ 18. c3 Be7 19. g4 Ng7 20. Be3 hxg4 21. hxg4 Rxh1+ 22. Bxh1 Kd7 23. Bf3 Rh8 24. Kf2 f5 25. exf6 Bxf6 26. Rh1 Rxh1 27. Bxh1 1/2-1/2

[Event "RUS-chT2"]
[Site "Sochi"]
[Date "2007.05.09"]
[Round "7"]
[White "Shkurikhin, Ilia"]
[Black "Neverov, Anatoly"]
[Result "1/2-1/2"]
[WhiteElo "2353"]
[BlackElo "2389"]
[PlyCount "119"]
[EventDate "2007.05.03"]
[EventType "team"]
[EventRounds "9"]
[EventCountry "RUS"]
[SourceTitle "CBM 118 Extra"]
[Source "ChessBase"]
[SourceDate "2007.07.04"]
[SourceVersion "1"]
[SourceVersionDate "2007.07.04"]
[SourceQuality "1"]

1. d4 Nf6 2. c4 e6 3. Nf3 Bb4+ 4. Bd2 a5 5. g3 d6 6. Bxb4 axb4 7. Qb3 c5 8. Bg2 Nc6 9. dxc5 dxc5 10. Qe3 Qe7 11. Nbd2 Ra7 12. Nb3 b6 13. h3 Bb7 14. 0-0 0-0 15. Rfd1 Qc7 16. Nc1 e5 17. Rb1 Re8 18. Nh2 e4 19. Qf4 Qe7 20. Nf1 Nd4 21. g4 h5 22. b3 hxg4 23. hxg4 Bc8 24. Ne3 b5 25. Rb2 bxc4 26. bxc4 g6 27. Nb3 Rd7 28. Rbd2 Red8 29. Nxd4 Rxd4 30. Rxd4 Rxd4 31. g5 Rxd1+ 32. Nxd1 Nh7 33. Qxe4 Qxe4 34. Bxe4 Nxg5 35. Bd5 Nh3+ 36. Kf1 Nf4 37. Be4 Ba6 38. Nb2 Kf8 39. e3 Ne6 40. Ke2 Ke7 41. f4 Ng7 42. Bd5 Ne8 43. Nd3 Nc7 44. Nxc5 Nxd5 45. Nxa6 Nc3+ 46. Kd2 Nxa2 47. Kc2 f6 48. Kb3 Nc1+ 49. Kc2 Na2 50. Kb3 Nc1+ 51. Kb2 Nd3+ 52. Kc2 Ne1+ 53. Kc1 Ng2 54. Kd2 b3 55. Nc7 Kd6 56. Nd5 Kc5 57. Kc3 b2 58. Kxb2 Kxc4 59. Nxf6 Nxe3 60. Nd7 1/2-1/2

[Event "RUS-chT2"]
[Site "Sochi"]
[Date "2007.05.08"]
[Round "6"]
[White "Neverov, Anatoly"]
[Black "Kovchan, Alexander"]
[Result "0-1"]
[WhiteElo "2389"]
[BlackElo "2527"]
[PlyCount "88"]
[EventDate "2007.05.03"]
[EventType "team"]
[EventRounds "9"]
[EventCountry "RUS"]
[SourceTitle "EXT 2020"]
[Source "ChessBase"]
[SourceDate "2019.10.17"]
[SourceVersion "1"]
[SourceVersionDate "2019.10.17"]
[SourceQuality "1"]
[BlackTeam "Saratov Economist SGSEU II"]
[BlackTeamCountry "RUS"]

1. e4 c6 2. c4 d5 3. exd5 cxd5 4. cxd5 Nf6 5. Bb5+ Nbd7 6. Nc3 a6 7. Ba4 b5 8. Bc2 g6 9. d4 Bg7 10. d6 exd6 11. Qe2+ Qe7 12. Qxe7+ Kxe7 13. Nge2 Bb7 14. 0-0 Nb6 15. a4 b4 16. a5 bxc3 17. axb6 cxb2 18. Bxb2 Nd5 19. Ba3 Rhb8 20. Rab1 f5 21. Ba4 Bf8 22. Rfe1 Kf6 23. h4 h6 24. Bc1 g5 25. hxg5+ hxg5 26. Bd2 Rc8 27. Ng3 Nc3 28. Bxc3 Rxc3 29. Bd7 Rd8 30. Bxf5 Rxg3 31. fxg3 Kxf5 32. Rec1 Bg7 33. Rc7 Bxd4+ 34. Kf1 Rb8 35. Rb4 Bc5 36. g4+ Ke6 37. Rb2 a5 38. Ke1 Bb4+ 39. Kd1 Ba6 40. Rf2 Rxb6 41. Rf5 a4 42. Rxg5 a3 43. Rc2 Bd3 44. Ra2 Bc3 0-1

[Event "Eger Agria op"]
[Site "Eger"]
[Date "1999.??.??"]
[Round "?"]
[White "Barabas, Tibor"]
[Black "Neverov, Anatoly"]
[Result "0-1"]
[WhiteElo "2110"]
[BlackElo "2395"]
[PlyCount "50"]
[EventDate "1999.07.??"]
[EventType "swiss"]
[EventRounds "9"]
[EventCountry "HUN"]
[SourceTitle "EXT 2000"]
[Source "ChessBase"]
[SourceDate "1999.11.16"]
[SourceVersion "1"]
[SourceVersionDate "1999.11.16"]
[SourceQuality "1"]

1. e4 e5 2. Nf3 Nc6 3. Bc4 Bc5 4. c3 Nf6 5. 0-0 Nxe4 6. Bd5 f5 7. Bxc6 dxc6 8. Nxe5 Qh4 9. d4 Bd6 10. Nd2 Be6 11. Ndf3 Qf6 12. Re1 h6 13. c4 0-0 14. b3 Rad8 15. Qc2 Rfe8 16. Bb2 Bc8 17. Rad1 Ng5 18. d5 cxd5 19. cxd5 Nxf3+ 20. Nxf3 Rxe1+ 21. Rxe1 Qf7 22. Qc4 Bf8 23. Be5 Rxd5 24. Bxc7 b5 25. Qe2 Qxc7 0-1

[Event "Eger Agria op"]
[Site "Eger"]
[Date "1999.??.??"]
[Round "?"]
[White "Neverov, Anatoly"]
[Black "Hajnal, Zoltan"]
[Result "1-0"]
[WhiteElo "2395"]
[BlackElo "2300"]
[PlyCount "99"]
[EventDate "1999.07.??"]
[EventType "swiss"]
[EventRounds "9"]
[EventCountry "HUN"]
[SourceTitle "EXT 2000"]
[Source "ChessBase"]
[SourceDate "1999.11.16"]
[SourceVersion "1"]
[SourceVersionDate "1999.11.16"]
[SourceQuality "1"]

1. e4 e5 2. Nf3 Nc6 3. Bb5 a6 4. Ba4 d6 5. Bxc6+ bxc6 6. d4 f6 7. c4 Be6 8. Qa4 Qd7 9. Nc3 Ne7 10. Be3 Bg4 11. c5 g6 12. Nd2 Bg7 13. dxe5 fxe5 14. cxd6 cxd6 15. Nc4 Nc8 16. f3 Be6 17. Rd1 0-0 18. 0-0 Bxc4 19. Qxc4+ Kh8 20. Rf2 Re8 21. Na4 Qb7 22. Rc2 c5 23. Nc3 Nb6 24. Qb3 Qc7 25. a4 Rab8 26. a5 Nc8 27. Qa4 Ne7 28. b4 Bf8 29. bxc5 dxc5 30. Ne2 Ng8 31. Rd7 Rb1+ 32. Kf2 Qb8 33. Qc4 Nf6 34. Rf7 Qd6 35. Rd2 Qc6 36. Bg5 Rb4 37. Rxf6 Qc8 38. Qxa6 c4 39. Qxc8 Rxc8 40. Rb6 Bc5+ 41. Be3 Bxb6 42. axb6 c3 43. Rd5 Rb2 44. Rxe5 Kg8 45. Re7 Ra8 46. Ra7 Rd8 47. Rc7 c2 48. b7 Kf8 49. Rc8 Ke8 50. Bg5 1-0

[Event "Eger Agria op"]
[Site "Eger"]
[Date "1999.??.??"]
[Round "?"]
[White "Villard, Patrick"]
[Black "Neverov, Anatoly"]
[Result "1/2-1/2"]
[WhiteElo "2095"]
[BlackElo "2395"]
[PlyCount "43"]
[EventDate "1999.07.??"]
[EventType "swiss"]
[EventRounds "9"]
[EventCountry "HUN"]
[SourceTitle "EXT 2000"]
[Source "ChessBase"]
[SourceDate "1999.11.16"]
[SourceVersion "1"]
[SourceVersionDate "1999.11.16"]
[SourceQuality "1"]

1. e4 e5 2. Nf3 Nc6 3. Bb5 a6 4. Bxc6 dxc6 5. 0-0 f6 6. d4 exd4 7. Nxd4 c5 8. Nb3 Qxd1 9. Rxd1 Be6 10. Bf4 c4 11. Nd4 0-0-0 12. Nc3 Bf7 13. Nf5 Rxd1+ 14. Rxd1 Ne7 15. Nxe7+ Bxe7 16. Nd5 Bd8 17. Ne3 Re8 18. f3 g6 19. Kf1 f5 20. exf5 g5 21. Rxd8+ Kxd8 22. Bxg5+ 1/2-1/2

[Event "Gyor Matrai Nyar op"]
[Site "Gyor"]
[Date "1997.??.??"]
[Round "9"]
[White "Dovzik, Juri"]
[Black "Neverov, Anatoly"]
[Result "0-1"]
[WhiteElo "2410"]
[BlackElo "2395"]
[PlyCount "80"]
[EventDate "1997.??.??"]
[EventType "swiss"]
[EventRounds "9"]
[EventCountry "HUN"]
[SourceTitle "EXT 2001"]
[Source "ChessBase"]
[SourceDate "2000.11.22"]
[SourceVersion "1"]
[SourceVersionDate "2000.11.22"]
[SourceQuality "1"]

1. e4 e5 2. Nf3 Nc6 3. Bb5 a6 4. Ba4 g6 5. 0-0 Bg7 6. c3 d6 7. h3 Bd7 8. d4 Nf6 9. Re1 0-0 10. Nbd2 b5 11. Bc2 Re8 12. Nf1 Na5 13. b3 c5 14. dxe5 dxe5 15. Bg5 Bc6 16. Qe2 Qc8 17. N3d2 Nh5 18. Qf3 h6 19. Bh4 Nf4 20. Ne3 b4 21. c4 Ne6 22. Nd5 Nd4 23. Qd1 Bxd5 24. cxd5 c4 25. Nxc4 Nxc4 26. bxc4 Qxc4 27. Ba4 Rec8 28. Qd2 Qc3 29. Red1 Qa3 30. Bb3 a5 31. Rdb1 a4 32. Bd1 Qc3 33. Qxc3 bxc3 34. Rc1 Bf8 35. Bg3 f6 36. f4 Ba3 37. fxe5 Bxc1 38. Rxc1 c2 39. Bg4 f5 40. exf5 gxf5 0-1

[Event "Eger"]
[Site "Eger"]
[Date "1997.??.??"]
[Round "2"]
[White "Kiss, Pal"]
[Black "Neverov, Anatoly"]
[Result "1-0"]
[WhiteElo "2450"]
[BlackElo "2395"]
[PlyCount "69"]
[EventDate "1997.??.??"]
[EventType "tourn"]
[EventRounds "11"]
[EventCountry "HUN"]
[EventCategory "4"]
[SourceTitle "EXT 2001"]
[Source "ChessBase"]
[SourceDate "2000.11.22"]
[SourceVersion "1"]
[SourceVersionDate "2000.11.22"]
[SourceQuality "1"]

1. d4 Nf6 2. c4 e6 3. Nf3 b6 4. g3 Bb7 5. Bg2 Be7 6. 0-0 0-0 7. Nc3 Ne4 8. Bd2 f5 9. d5 Bf6 10. Rc1 Na6 11. a3 Nac5 12. b4 Nxc3 13. Bxc3 Ne4 14. Bxf6 Qxf6 15. Qd4 Ng5 16. Qxf6 Nxf3+ 17. Bxf3 Rxf6 18. Rfd1 e5 19. e4 g6 20. c5 d6 21. Bg2 Raf8 22. Rd2 R6f7 23. a4 Kg7 24. a5 Rd8 25. cxb6 cxb6 26. Rdc2 Kf6 27. f3 Rff8 28. Bf1 Rc8 29. a6 Rxc2 30. Rxc2 Bc8 31. Rc7 fxe4 32. fxe4 Bg4 33. Rxa7 Rc8 34. Rb7 Rc1 35. Kf2 1-0

[Event "Gyor Matrai Nyar op"]
[Site "Gyor"]
[Date "1997.??.??"]
[Round "7"]
[White "Michalczyk, Stanislaw"]
[Black "Neverov, Anatoly"]
[Result "0-1"]
[WhiteElo "2195"]
[BlackElo "2395"]
[PlyCount "80"]
[EventDate "1997.??.??"]
[EventType "swiss"]
[EventRounds "9"]
[EventCountry "HUN"]
[SourceTitle "EXT 2001"]
[Source "ChessBase"]
[SourceDate "2000.11.22"]
[SourceVersion "1"]
[SourceVersionDate "2000.11.22"]
[SourceQuality "1"]

1. e4 e5 2. Nc3 Nf6 3. f4 d5 4. fxe5 Nxe4 5. Nf3 Be7 6. Qe2 Nxc3 7. dxc3 0-0 8. Bf4 c6 9. 0-0-0 Qa5 10. Kb1 Na6 11. Bg5 Bxg5 12. Nxg5 Nc5 13. Qh5 Bf5 14. Bd3 Nxd3 15. cxd3 Qa4 16. Nf3 Bg6 17. Qg5 c5 18. Ka1 Rae8 19. h4 h6 20. Qg3 Re6 21. h5 Ra6 22. a3 Bxh5 23. Rde1 Qg4 24. Qf2 Rc8 25. d4 cxd4 26. Nxd4 Bg6 27. Rh4 Qg5 28. Rf4 Qe7 29. Nb5 Rf8 30. Rb4 f6 31. Qd4 Bf7 32. Nxa7 fxe5 33. Qf2 d4 34. Nb5 dxc3 35. bxc3 Rc8 36. Qb2 Qc5 37. Rd1 Bc4 38. Rxc4 Qxc4 39. Nd6 Qxc3 40. Nxc8 Rxa3+ 0-1

[Event "Gyor Matrai Nyar op"]
[Site "Gyor"]
[Date "1997.??.??"]
[Round "8"]
[White "Neverov, Anatoly"]
[Black "Baljiev, Chingiz"]
[Result "1-0"]
[WhiteElo "2395"]
[BlackElo "2230"]
[PlyCount "93"]
[EventDate "1997.??.??"]
[EventType "swiss"]
[EventRounds "9"]
[EventCountry "HUN"]
[SourceTitle "EXT 2001"]
[Source "ChessBase"]
[SourceDate "2000.11.22"]
[SourceVersion "1"]
[SourceVersionDate "2000.11.22"]
[SourceQuality "1"]

1. e4 d6 2. d4 Nf6 3. Nc3 e5 4. dxe5 dxe5 5. Qxd8+ Kxd8 6. f4 Bb4 7. Bd3 Nbd7 8. Nf3 c6 9. fxe5 Ng4 10. Bg5+ Be7 11. Bf4 f6 12. exf6 Bxf6 13. h3 Nge5 14. 0-0-0 Rf8 15. Ng5 Rh8 16. Ne2 Ke7 17. Rhf1 Nc5 18. Bxe5 Bxg5+ 19. Kb1 Bf6 20. Bh2 Nd7 21. Bc4 Ne5 22. Bxe5 Bxe5 23. Rf7+ Ke8 24. Nf4 Rf8 25. Rxf8+ Kxf8 26. Nd3 Bd6 27. e5 Be7 28. Rf1+ Ke8 29. Rf7 b5 30. Bb3 a5 31. a3 Bf8 32. Nf4 Ra6 33. Nh5 c5 34. Bd5 Rg6 35. Ra7 Rg5 36. Nf4 Rf5 37. Bc6+ Kd8 38. Nd5 Rxe5 39. Ra8 Bd6 40. Bb7 Kd7 41. Bxc8+ Kc6 42. c4 Re1+ 43. Ka2 bxc4 44. Nc3 Rf1 45. Ra6+ Kc7 46. Nb5+ Kxc8 47. Nxd6+ 1-0

[Event "Eger"]
[Site "Eger"]
[Date "1997.??.??"]
[Round "11"]
[White "Neverov, Anatoly"]
[Black "Boricsev, Oleg"]
[Result "0-1"]
[WhiteElo "2395"]
[BlackElo "2320"]
[PlyCount "79"]
[EventDate "1997.??.??"]
[EventType "tourn"]
[EventRounds "11"]
[EventCountry "HUN"]
[EventCategory "4"]
[SourceTitle "EXT 2001"]
[Source "ChessBase"]
[SourceDate "2000.11.22"]
[SourceVersion "1"]
[SourceVersionDate "2000.11.22"]
[SourceQuality "1"]

1. e4 c6 2. d4 d5 3. e5 c5 4. dxc5 Nc6 5. Bb5 e6 6. Be3 Bd7 7. Bxc6 Bxc6 8. Nf3 Ne7 9. c3 Nf5 10. Bd4 Nxd4 11. cxd4 b6 12. cxb6 Qxb6 13. 0-0 Qxb2 14. Nbd2 Be7 15. Qb3 Qxb3 16. Nxb3 Ba3 17. Na5 Ba4 18. Rab1 0-0 19. Rb7 Rfb8 20. Rxb8+ Rxb8 21. Nb3 Bxb3 22. Rb1 Rc8 23. axb3 a5 24. Kf1 Rc2 25. Ne1 Rd2 26. Nf3 Ra2 27. g4 Kf8 28. h4 h6 29. h5 Bb2 30. Kg2 Ke7 31. Kg3 Kd7 32. Kf4 Kc6 33. g5 hxg5+ 34. Kxg5 Kb5 35. h6 gxh6+ 36. Kxh6 Kb4 37. Kg7 Kxb3 38. Kxf7 Ra1 39. Rxa1 Bxa1 40. Kxe6 0-1

[Event "Eger"]
[Site "Eger"]
[Date "1997.??.??"]
[Round "9"]
[White "Neverov, Anatoly"]
[Black "Volosin, Vladimir"]
[Result "1/2-1/2"]
[WhiteElo "2395"]
[BlackElo "2340"]
[PlyCount "20"]
[EventDate "1997.??.??"]
[EventType "tourn"]
[EventRounds "11"]
[EventCountry "HUN"]
[EventCategory "4"]
[SourceTitle "EXT 2001"]
[Source "ChessBase"]
[SourceDate "2000.11.22"]
[SourceVersion "1"]
[SourceVersionDate "2000.11.22"]
[SourceQuality "1"]

1. Nf3 f5 2. g3 g6 3. Bg2 Bg7 4. 0-0 Nf6 5. c4 e6 6. Nc3 0-0 7. d3 d5 8. cxd5 exd5 9. Qb3 Kh8 10. Bg5 c6 1/2-1/2

[Event "Gyor Matrai Nyar op"]
[Site "Gyor"]
[Date "1997.??.??"]
[Round "3"]
[White "Szekeres, Sandor"]
[Black "Neverov, Anatoly"]
[Result "0-1"]
[WhiteElo "2225"]
[BlackElo "2395"]
[PlyCount "70"]
[EventDate "1997.??.??"]
[EventType "swiss"]
[EventRounds "9"]
[EventCountry "HUN"]
[SourceTitle "EXT 2001"]
[Source "ChessBase"]
[SourceDate "2000.11.22"]
[SourceVersion "1"]
[SourceVersionDate "2000.11.22"]
[SourceQuality "1"]

1. e4 e5 2. Nc3 Nf6 3. f4 d5 4. fxe5 Nxe4 5. d3 Nxc3 6. bxc3 d4 7. Nf3 Nc6 8. cxd4 Nxd4 9. c3 Nxf3+ 10. Qxf3 Be7 11. d4 0-0 12. Bc4 c6 13. 0-0 Be6 14. Bd3 Qd7 15. Qg3 Kh8 16. Be3 f6 17. Bf4 c5 18. exf6 Bxf6 19. Bd6 Rfd8 20. dxc5 Bxc3 21. Rad1 Qa4 22. Bb1 Bd4+ 23. Kh1 Bxc5 24. Be5 Qg4 25. Rxd8+ Rxd8 26. Qc3 b6 27. h3 Qg5 28. Qc2 Bg8 29. Qb2 Bc4 30. Re1 Bd5 31. Rf1 Bxg2+ 32. Qxg2 Qxe5 33. Be4 g6 34. Qg4 Rd2 35. Bg2 Bd6 0-1

[Event "Eger IM"]
[Site "Eger"]
[Date "1996.??.??"]
[Round "5"]
[White "Donka, Peter"]
[Black "Neverov, Anatoly"]
[Result "1/2-1/2"]
[WhiteElo "2225"]
[BlackElo "2425"]
[PlyCount "120"]
[EventDate "1996.??.??"]
[EventType "tourn"]
[EventRounds "11"]
[EventCountry "HUN"]
[EventCategory "4"]
[SourceTitle "EXT 2004"]
[Source "ChessBase"]
[SourceDate "2003.11.25"]
[SourceVersion "1"]
[SourceVersionDate "2003.11.25"]
[SourceQuality "1"]

1. d4 Nf6 2. Bg5 Ne4 3. Bf4 d5 4. Nd2 Bf5 5. e3 e6 6. Bd3 Nxd2 7. Qxd2 Bxd3 8. Qxd3 c6 9. Nf3 Nd7 10. 0-0 Be7 11. c4 Nf6 12. c5 0-0 13. b4 Re8 14. a4 Ne4 15. h3 f6 16. Nd2 Nxd2 17. Qxd2 Qd7 18. Rab1 a6 19. Qc3 Bd8 20. b5 axb5 21. axb5 cxb5 22. Qb4 e5 23. dxe5 fxe5 24. Bg3 Bf6 25. Rfd1 Red8 26. Qb3 Ra4 27. Qxb5 Qxb5 28. Rxb5 Rc4 29. Kf1 Rd7 30. Rdb1 Rc7 31. Rxb7 R4xc5 32. Rxc7 Rxc7 33. Rb5 Rd7 34. e4 dxe4 35. Bxe5 Bg5 36. Bc3 h6 37. Ke2 Rc7 38. Rb3 Kf7 39. g3 h5 40. Bd4 Rc2+ 41. Kf1 Rc1+ 42. Kg2 Rc7 43. Rb2 Rd7 44. Rb5 Rxd4 45. Rxg5 g6 46. Kf1 Kf6 47. h4 Rd2 48. Rc5 Ra2 49. Ke1 Rb2 50. Ra5 Rc2 51. Kf1 Rb2 52. Ra6+ Kf5 53. Ra8 e3 54. Ra5+ Kg4 55. fxe3 Kxg3 56. Rg5+ Kf3 57. Kg1 Rb6 58. Kh2 Kxe3 59. Rg3+ Kf4 60. Kh3 Rb1 1/2-1/2

[Event "Eger IM"]
[Site "Eger"]
[Date "1996.??.??"]
[Round "3"]
[White "Molnar, Balazs"]
[Black "Neverov, Anatoly"]
[Result "1-0"]
[WhiteElo "2360"]
[BlackElo "2425"]
[PlyCount "71"]
[EventDate "1996.??.??"]
[EventType "tourn"]
[EventRounds "11"]
[EventCountry "HUN"]
[EventCategory "4"]
[SourceTitle "EXT 2004"]
[Source "ChessBase"]
[SourceDate "2003.11.25"]
[SourceVersion "1"]
[SourceVersionDate "2003.11.25"]
[SourceQuality "1"]

1. e4 e5 2. Nf3 Nc6 3. Bb5 a6 4. Ba4 g6 5. c3 d6 6. d4 Bd7 7. 0-0 Bg7 8. d5 Nce7 9. c4 Nf6 10. Nc3 b5 11. Bc2 0-0 12. Bg5 h6 13. Bxf6 Bxf6 14. cxb5 axb5 15. a4 bxa4 16. Bxa4 Bc8 17. b4 Bg7 18. Qd3 f5 19. Nd2 fxe4 20. Ndxe4 Nf5 21. Bc6 Rxa1 22. Rxa1 Nd4 23. Ra8 Qe7 24. Nb5 Nxc6 25. dxc6 Qf7 26. Nbc3 Be6 27. Rxf8+ Bxf8 28. Nd5 Be7 29. Nxc7 Bc4 30. Qc3 d5 31. Nd2 Bh4 32. Nf3 Qxc7 33. Nxh4 Kf7 34. Nf3 Kf6 35. Qe3 Qxc6 36. Qxh6 1-0

[Event "Eger IM"]
[Site "Eger"]
[Date "1996.??.??"]
[Round "9"]
[White "Neverov, Anatoly"]
[Black "Payen, Arnaud"]
[Result "1/2-1/2"]
[WhiteElo "2425"]
[BlackElo "2300"]
[PlyCount "28"]
[EventDate "1996.??.??"]
[EventType "tourn"]
[EventRounds "11"]
[EventCountry "HUN"]
[EventCategory "4"]
[SourceTitle "EXT 2004"]
[Source "ChessBase"]
[SourceDate "2003.11.25"]
[SourceVersion "1"]
[SourceVersionDate "2003.11.25"]
[SourceQuality "1"]

1. e4 c5 2. Nf3 d6 3. d4 cxd4 4. Nxd4 Nf6 5. Nc3 g6 6. Be3 Bg7 7. Be2 Nc6 8. 0-0 0-0 9. Qd2 d5 10. exd5 Nxd5 11. Rfd1 Ndb4 12. Ncb5 Nxd4 13. Nxd4 Nd5 14. Bg5 Nf6 1/2-1/2

[Event "Gyongyos op"]
[Site "Gyongyos"]
[Date "1996.??.??"]
[Round "?"]
[White "Neverov, Anatoly"]
[Black "Toth, Gabor"]
[Result "1-0"]
[WhiteElo "2425"]
[BlackElo "2180"]
[PlyCount "107"]
[EventDate "1996.07.??"]
[EventType "swiss"]
[EventRounds "9"]
[EventCountry "HUN"]
[SourceTitle "EXT 2004"]
[Source "ChessBase"]
[SourceDate "2003.11.25"]
[SourceVersion "1"]
[SourceVersionDate "2003.11.25"]
[SourceQuality "1"]

1. e4 c5 2. Nf3 d6 3. d4 cxd4 4. Nxd4 Nf6 5. Nc3 g6 6. Be3 Bg7 7. Be2 0-0 8. 0-0 Nc6 9. Qd2 d5 10. exd5 Nxd5 11. Rfd1 Nxc3 12. Qxc3 Qe8 13. Qb3 e5 14. Nb5 Qe7 15. Qc3 e4 16. Qb3 Be5 17. Nc3 Be6 18. Nd5 Bxd5 19. Rxd5 Rfd8 20. Rad1 b6 21. c3 Qc7 22. g3 Ne7 23. Rxd8+ Rxd8 24. Rxd8+ Qxd8 25. Qa4 Nf5 26. Qxe4 Qd6 27. Bg5 h6 28. Bc1 a5 29. Kg2 h5 30. Bc4 Kg7 31. Qb7 Qf6 32. h4 Nd6 33. Qd5 Nxc4 34. Qxc4 Qd6 35. Be3 Qd7 36. Qe4 f6 37. Bxb6 a4 38. Bc5 Qb5 39. Bb4 Kf7 40. a3 f5 41. Qa8 Bg7 42. Qf3 Be5 43. Kg1 f4 44. Qe4 fxg3 45. fxg3 Qb6+ 46. Kg2 Qc7 47. Qd5+ Kg7 48. Ba5 Qb8 49. Qd7+ Kg8 50. Qe6+ Kg7 51. Bb6 Bxg3 52. Bd4+ Kh6 53. Qe4 Bxh4 54. Bg7+ 1-0

[Event "Gyongyos op"]
[Site "Gyongyos"]
[Date "1996.??.??"]
[Round "?"]
[White "Neverov, Anatoly"]
[Black "Vereb, Andras"]
[Result "1/2-1/2"]
[WhiteElo "2425"]
[BlackElo "2195"]
[PlyCount "40"]
[EventDate "1996.07.??"]
[EventType "swiss"]
[EventRounds "9"]
[EventCountry "HUN"]
[SourceTitle "EXT 2004"]
[Source "ChessBase"]
[SourceDate "2003.11.25"]
[SourceVersion "1"]
[SourceVersionDate "2003.11.25"]
[SourceQuality "1"]

1. e4 c5 2. Nf3 e6 3. d4 cxd4 4. Nxd4 a6 5. Nc3 Qc7 6. g3 Bb4 7. Nde2 Nf6 8. Bg2 0-0 9. 0-0 Be7 10. h3 d6 11. Be3 Nc6 12. f4 b6 13. g4 Bb7 14. Qe1 Rac8 15. Rc1 Nd7 16. g5 b5 17. f5 b4 18. Nd1 exf5 19. exf5 Nce5 20. Qg3 Bxg2 1/2-1/2

[Event "Eger IM"]
[Site "Eger"]
[Date "1996.??.??"]
[Round "8"]
[White "Stankovic, Branislav D"]
[Black "Neverov, Anatoly"]
[Result "0-1"]
[WhiteElo "2220"]
[BlackElo "2425"]
[PlyCount "62"]
[EventDate "1996.??.??"]
[EventType "tourn"]
[EventRounds "11"]
[EventCountry "HUN"]
[EventCategory "4"]
[SourceTitle "EXT 2004"]
[Source "ChessBase"]
[SourceDate "2003.11.25"]
[SourceVersion "1"]
[SourceVersionDate "2003.11.25"]
[SourceQuality "1"]

1. d4 Nf6 2. c4 e6 3. g3 Bb4+ 4. Bd2 a5 5. Bg2 d6 6. Nf3 Nbd7 7. Nc3 0-0 8. 0-0 e5 9. Qc2 Re8 10. a3 Bxc3 11. Bxc3 e4 12. Ng5 Qe7 13. Nh3 a4 14. e3 Nb6 15. Bb4 c5 16. dxc5 dxc5 17. Bc3 Be6 18. Nf4 Bxc4 19. Rfc1 Nfd5 20. Nxd5 Bxd5 21. Be1 Nd7 22. Bf1 Bb3 23. Qc3 Qe6 24. Bb5 b6 25. Rd1 Ne5 26. Bxe8 Rxe8 27. f4 Nf3+ 28. Kg2 Bxd1 29. Rxd1 Nh4+ 30. Kh1 Qh3 31. gxh4 Qf1# 0-1

[Event "Gyongyos op "]
[Site "Gyongyos"]
[Date "1995.??.??"]
[Round "?"]
[White "Eberth, Zoltan"]
[Black "Neverov, Anatoly"]
[Result "0-1"]
[WhiteElo "2230"]
[BlackElo "2440"]
[PlyCount "84"]
[EventDate "1995.??.??"]
[EventType "swiss"]
[EventRounds "9"]
[EventCountry "HUN"]
[SourceTitle "EXT 1999"]
[Source "ChessBase"]
[SourceDate "1998.11.16"]
[SourceVersion "1"]
[SourceVersionDate "1998.11.16"]
[SourceQuality "1"]

1. e4 e5 2. f4 d5 3. exd5 c6 4. Qe2 cxd5 5. fxe5 Nc6 6. Nf3 Bg4 7. Nc3 d4 8. Ne4 Qd5 9. c4 Qa5 10. c5 0-0-0 11. Qb5 Qxb5 12. Bxb5 Bxf3 13. Bxc6 Bxg2 14. Rg1 bxc6 15. Rxg2 Re8 16. d3 f5 17. Ng5 Rxe5+ 18. Kd1 Nh6 19. Bf4 Rd5 20. b4 Kd7 21. Kd2 Be7 22. Ne6 Kxe6 23. Rxg7 Nf7 24. Re1+ Kf6 25. Rg2 Ne5 26. Kc2 Ng6 27. Rge2 Nxf4 28. Rxe7 a5 29. Rc7 axb4 30. Rxc6+ Kg5 31. Rg1+ Kh5 32. Rg3 Ra8 33. Kb3 Ra3+ 34. Kxb4 Rxd3 35. Rg7 h6 36. Rh7 Kg4 37. Rhxh6 Rh3 38. a4 d3 39. Rhg6+ Nxg6 40. Rxg6+ Kf4 41. Rg1 d2 42. Rd1 Ke3 0-1

[Event "Gyongyos op "]
[Site "Gyongyos"]
[Date "1995.??.??"]
[Round "?"]
[White "Neverov, Anatoly"]
[Black "Gorda, Ferenc"]
[Result "1-0"]
[WhiteElo "2440"]
[BlackElo "2120"]
[PlyCount "57"]
[EventDate "1995.??.??"]
[EventType "swiss"]
[EventRounds "9"]
[EventCountry "HUN"]
[SourceTitle "EXT 1999"]
[Source "ChessBase"]
[SourceDate "1998.11.16"]
[SourceVersion "1"]
[SourceVersionDate "1998.11.16"]
[SourceQuality "1"]

1. e4 g6 2. d4 Bg7 3. Nc3 d6 4. f4 Nf6 5. Nf3 0-0 6. e5 dxe5 7. dxe5 Qxd1+ 8. Kxd1 Rd8+ 9. Ke1 Ne8 10. Be3 Nc6 11. Bc4 Bf5 12. Rc1 Na5 13. Be2 Be6 14. Nd4 Bc4 15. Bf3 Ba6 16. b3 e6 17. Kf2 Bf8 18. h4 Bb4 19. Ne4 c5 20. Ne2 c4 21. h5 cxb3 22. hxg6 fxg6 23. axb3 Rd7 24. Nd4 Rc8 25. Bg4 Rxd4 26. Bxe6+ Kg7 27. Bxd4 Nc6 28. Bxc8 Nxd4 29. c3 1-0

[Event "Gyongyos op "]
[Site "Gyongyos"]
[Date "1995.??.??"]
[Round "?"]
[White "Neverov, Anatoly"]
[Black "Kaposztas, Miklos"]
[Result "1/2-1/2"]
[WhiteElo "2440"]
[BlackElo "2335"]
[PlyCount "20"]
[EventDate "1995.??.??"]
[EventType "swiss"]
[EventRounds "9"]
[EventCountry "HUN"]
[SourceTitle "EXT 1999"]
[Source "ChessBase"]
[SourceDate "1998.11.16"]
[SourceVersion "1"]
[SourceVersionDate "1998.11.16"]
[SourceQuality "1"]

1. e4 c5 2. Nf3 g6 3. d4 Bg7 4. dxc5 Qa5+ 5. Nc3 Nf6 6. Bd3 Qxc5 7. 0-0 0-0 8. Be3 Qa5 9. h3 Nc6 10. Qd2 d6 1/2-1/2

[Event "Gyongyos op "]
[Site "Gyongyos"]
[Date "1995.??.??"]
[Round "?"]
[White "Neverov, Anatoly"]
[Black "Lazar, Ales Ml"]
[Result "1-0"]
[WhiteElo "2440"]
[BlackElo "2205"]
[PlyCount "63"]
[EventDate "1995.??.??"]
[EventType "swiss"]
[EventRounds "9"]
[EventCountry "HUN"]
[SourceTitle "EXT 1999"]
[Source "ChessBase"]
[SourceDate "1998.11.16"]
[SourceVersion "1"]
[SourceVersionDate "1998.11.16"]
[SourceQuality "1"]

1. e4 c5 2. Nf3 e6 3. d4 cxd4 4. Nxd4 Nf6 5. Nc3 Bb4 6. Ndb5 d5 7. exd5 Bxc3+ 8. Nxc3 Nxd5 9. Nxd5 Qxd5 10. Qxd5 exd5 11. Be3 Nc6 12. 0-0-0 Be6 13. Be2 0-0 14. Bf3 Rfd8 15. b3 Ne5 16. Be2 f6 17. Kb2 Kf7 18. Rd2 Rd7 19. Rhd1 Nc6 20. Bf3 Rad8 21. c3 Ke8 22. h3 Kf7 23. g4 Kg8 24. Bg2 b5 25. f4 Bf7 26. Bc5 Be6 27. Bf1 Rb7 28. Ka1 Bf7 29. c4 bxc4 30. bxc4 Rdd7 31. Bg2 Na5 32. cxd5 1-0